Great western thinkers (Record no. 7837)

MARC details
000 -LEADER
fixed length control field 00443cam a2200193ua 4500
008 - FIXED-LENGTH DATA ELEMENTS--GENERAL INFORMATION
fixed length control field 150213n ii |||gr||||Z||||||eng
020 ## - INTERNATIONAL STANDARD BOOK NUMBER
International Standard Book Number 9788179774915
040 ## - CATALOGING SOURCE
Transcribing agency MAIN
041 ## - LANGUAGE CODE
-- eng
082 ## - DEWEY DECIMAL CLASSIFICATION NUMBER
Classification number 824
100 ## - MAIN ENTRY--PERSONAL NAME
Personal name Jha, R. K.,
Relator term
245 1# - TITLE STATEMENT
Title Great western thinkers
Statement of responsibility, etc. By Rabi Kumar Jha
250 ## - EDITION STATEMENT
Edition statement 1st.
260 ## - PUBLICATION, DISTRIBUTION, ETC.
Place of publication, distribution, etc. Bareilly:
Name of publisher, distributor, etc. Prakash,
Date of publication, distribution, etc. 2013.
300 ## - PHYSICAL DESCRIPTION
Extent 86p.
942 ## - ADDED ENTRY ELEMENTS (KOHA)
Koha item type Books
653 ## - INDEX TERM--UNCONTROLLED
Uncontrolled term English essays
Holdings
Withdrawn status Lost status Damaged status Not for loan Home library Current library Shelving location Date acquired Total Checkouts Full call number Barcode Date last seen Copy number Price effective from Koha item type Date last checked out
        Central Library, Naharkatiya College Central Library, Naharkatiya College General Stacks 19/09/2020   824 | JHA 21159 19/09/2020 4 19/09/2020 Books  
        Central Library, Naharkatiya College Central Library, Naharkatiya College General Stacks 19/09/2020   824 | JHA 21160 19/09/2020 1 19/09/2020 Books  
        Central Library, Naharkatiya College Central Library, Naharkatiya College General Stacks 19/09/2020 1 824 | JHA 21161 25/10/2022 3 19/09/2020 Books 11/10/2022
        Central Library, Naharkatiya College Central Library, Naharkatiya College General Stacks 19/09/2020   824 | JHA 22495 19/09/2020 2 19/09/2020 Books  

Naharkatiya College © 2020. All rights reserved.

Powered By